The Region as a Predictor of Business Efficiency

Analýza vplyvu regiónu ako indikátora efektívnosti firiem v jednotlivých regiónoch. V rámci analýzy autori pracovali s databázou Eurostatu, z ktorej získavali údaje za Slovensko, Česko, Maďarsko a Rakúsko na úrovni regiónov NUTS2 v období rokov 2000 až 2020. Analýza produktivity práce a zistenie roz...

Descrizione completa

Salvato in:
Dettagli Bibliografici
Autore principale: Michňová, Mária, 1996-
Natura: Capitolo di libro
Lingua:inglese
Soggetti:
Tags: Aggiungi Tag
Nessun Tag, puoi essere il primo ad aggiungerne!!

MARC

LEADER 00000naa$a2200000$$$4500
001 0290266
005 20250805084657.0
041 0 |a eng 
044 |a CZ 
245 1 0 |a The Region as a Predictor of Business Efficiency  |c Mária Michňová 
520 |a Analýza vplyvu regiónu ako indikátora efektívnosti firiem v jednotlivých regiónoch. V rámci analýzy autori pracovali s databázou Eurostatu, z ktorej získavali údaje za Slovensko, Česko, Maďarsko a Rakúsko na úrovni regiónov NUTS2 v období rokov 2000 až 2020. Analýza produktivity práce a zistenie rozdielov v jednotlivých regiónoch. Vývoj produktivity práce vo vybraných krajinách. Región ako dôležitý aspekt efektívnosti podnikania. Rozhodovací strom CHAID. 
610 2 0 |a produktivita práce 
610 2 0 |a efektívnosť podnikania 
610 2 0 |a firmy 
610 2 0 |a regióny 
610 2 0 |a údaje štatistické 
610 2 0 |a analýzy 
610 2 0 |a Slovensko 
610 2 0 |a Česko 
610 2 0 |a Maďarsko 
610 2 0 |a Rakúsko 
100 1 |a Michňová, Mária, 1996-